00706nam a2200241 a 4500001001300000003000900013005001700022008004100039020001000080082001600090100002900106245002400135260005400159300000800213500003500221505001700256650001500273700002900288902000800317942000700325952011700332999001500449nice12345678IN_TiNIC20260116013007.0050524s1939 hyda grp 000 0 urd  ac10000a922.97bMOH aMohammad, A Mukaram Faiz aSir Salar Jung Azam aHyderabadbMaktaba Ibrahimiya Mission Pressc1939 a48p aincludes index and biblioraphy2 aPart 1 and 2 aSalar Jung1 aMohammad, A Mukaram Faiz bSRS cBK 001040708StackRoom-aHMIbHMId2007-06-06g100.00l0o922.97 MOHp011890r2007-06-06v100.00w2005-05-24yBK c9192d9192